000 00427nam a2200169Ia 4500
008 230524s9999 xx 000 0 und d
020 _a9789382332688
082 _bKAL
100 _aR.S. Kaler
_942996
245 0 _aMicroprocessoprs And Microcontrollers
250 _a2
260 _aNew Delhi
_bI.K.International
_c2014
300 _a"XV,763p;"
500 _aQuantity Number: 1
650 _aElectronics
942 _cBK
999 _c57945
_d57945